00589nam a2200157 u 450000100100000000500170001000800410002704000250006810000240009324500360011726000410015330000200019404900090021495201910022399900170041400003616720200930074927.0120110s1970 xxu r 000 0 eng d aDO-SdBNPbspacBNPHU1 aReed, Evelyn95889810aProblemas of womens liberation. aNew York :bPathfinder Press,c1970. a96 p. ;c22 cm. aBNPD 001050718MOaGRbGRcCTd2012-01-10iLF1l0o p36167-10r2020-06-25w2020-06-25y1zPerteneció a la biblioteca personal de la biblioteca Juan Isidro Jimenes GrullónZNo se presta c35658d35658